| 000 | 00904nam a2200325Ia 4500 | ||
|---|---|---|---|
| 003 | OSt | ||
| 005 | 20221006155236.0 | ||
| 006 | a|||||r|||| 00| 0 | ||
| 007 | ta | ||
| 008 | 221006b |||||||| |||| 00| 0 eng d | ||
| 020 |
_a9787508511047 _cYuan 96.00 |
||
| 024 | _a41,273 | ||
| 037 |
_bGift, _cTextual |
||
| 040 |
_aEASL _cEASL _beng |
||
| 041 |
_2eng _aeng |
||
| 082 | _aU8.41, P7 | ||
| 100 |
_aLiu Ying _9668680 |
||
| 245 | 0 | _aNatural wonders in China | |
| 260 |
_aBeijing _bChina Intercontinental Press China _c2007 |
||
| 300 |
_a162p. _ccm. |
||
| 490 | _aJourney into China | ||
| 650 | _a CEL | ||
| 650 |
_a Geological Wonders _9668681 |
||
| 650 |
_a Grasslands _9668682 |
||
| 650 |
_a Mountains _9668683 |
||
| 650 | _aCEL | ||
| 700 |
_a Zhou Xiaozheng Tr. _9668684 |
||
| 942 |
_hU8.41, P7 _cTEXL _2CC |
||
| 999 |
_c1109359 _d1109359 |
||